000 01432nib a2200337ua 4500
001 000083492
003 OSt
005 20230919162220.0
007 vducgaiz
008 170809s2005 ck 037|e| |s| z|spa|d
040 _cCO-MqBPB
041 _aspa
043 _as-ck---
082 0 4 _a860.617
_bO76c
_221
100 _aOspina, William
_d1954-
245 1 0 _aLas ciudades en la poesía :
_b[disco sonoro] /
_cWilliam Ospina.
260 _aBogotá :
_bCasa de Poesía Silva,
_c2005.
300 _a1 disco compacto :
_bsonido
_e(37 minutos aproximadamente)
490 0 _aVoces para el tiempo
_v617
500 _aConferencia realizada en la Casa de Poesía Silva de Bogotá en el marco del Concurso Nacional Poesía Capital
505 _tAnuncio
_rPedro Alejo Gómez Vila
505 _tConferencia
_rWilliam Ospina
_rVicente Torres
508 _aProyecto, realización y diseños Pedro Alejo Gómez Vila ; digitalización y edición sonora Luis Guillermo Aza Torres
511 1 _aPedro Alejo Gómez Vila (Anunciador), William Ospina (conferencista)
518 _aConferencia realizada el 11 de octubre de 2005
650 1 4 _aPoesía colombiana
_xHistoria y crítica
_vCongresos, conferencias, etc.
650 2 4 _aLiteratura colombiana
_vCongresos, conferencias, etc.
650 2 4 _aCiudades en la literatura
_vCongresos, conferencias, etc.
650 2 4 _aLectura de poemas
_vCongresos, conferencias, etc.
942 _2ddc
_cCDROM
999 _c11362
_d11362